Paranormální jevy odhalte tajemství čtenářů myšlenek, médií a ještě mnohem víc

Bibliographic Details
Main Author: Haughton, Brian, 1964- (Author)
Other Authors: Pacnerová, Jana, 1955- (Translator)
Format: Book
Language:Czech
English
PhysicalDescription:224 s. faks., ilustr. (prevažne fareb.), portr. 22 cm
Published: Praha Fortuna Libri 2011
ISBN:9788073215453
Edition:1. vyd.
Series:Fortuna spirit
Subjects:

MARC

LEADER 00000nam a2200000 a 4500
001 vtls010296144
003 SK-MaSNL
005 20260302011850.0
008 240314s2011 xr hca g f 001 0 cze
020 |a 9788073215453  |q (viaz.) 
040 |a SNK  |b slo  |c SNK  |e AACR2 
041 1 |a cze  |h eng 
044 |a xr  |c CZ 
072 7 |a 00  |x Veda. Všeobecnosti. Základy vedy a kultúry. Vedecká práca  |2 konspekt 
080 |a 001.94  |2 2001 
080 |a (0.062)  |2 2001 
100 1 |a Haughton, Brian,  |d 1964-  |4 aut  |9 652956 
240 1 4 |a The encyclopedia of paranormal powers  |l Česky 
245 1 0 |a Paranormální jevy  |b odhalte tajemství čtenářů myšlenek, médií a ještě mnohem víc  |c Brian Haughton ; [překlad Jana Pacnerová] 
250 |a 1. vyd. 
260 |a Praha  |b Fortuna Libri  |c 2011 
300 |a 224 s.  |b faks., ilustr. (prevažne fareb.), portr.  |c 22 cm 
490 1 |a Fortuna spirit 
500 |a Prel. z angl. 
500 |a Obsahuje reg. 
650 0 7 |a záhady  |2 SNKPH  |9 4262 
650 0 7 |a nevysvetliteľné javy  |2 SNKPH  |9 4263 
650 0 7 |a Mysteries  |2 SNKPHeng  |9 286161 
650 0 7 |a Supernatural  |2 SNKPHeng  |9 286160 
655 7 |a populárno-náučné publikácie  |2 SNKPH  |9 70460 
655 7 |a Popular works  |2 SNKPHeng  |9 90287 
700 1 |a Pacnerová, Jana,  |d 1955-  |4 trl  |9 169686 
830 0 |a Fortuna spirit  |9 600920 
919 |a 978-80-7321-545-3 
999 |c 1007639  |d 1009569 
952 |t snkHAU 001.9  |a SNKUST  |b SNKUST  |y PREZ  |7 0  |p 17A0718411  |o snkIC 139726  |i snk2011/19834  |8 4  |g 30.70  |0 0  |1 0  |4 0  |d 2011-08-02  |l 0  |r 2025-03-19 00:00:00  |w 2026-02-24